000 01745nam a22002537i 4500
999 _c23396
_d23396
003 AR-CdUCM
008 250908b20242024 pe||||| |||| 00| 0 spa d
020 _a978-612-00-9626-0
040 _aMUNICIPALIDAD PROVINCIAL DEL CUSCO
_cBIBLIOTECA MUNICIPAL DEL CUSCO
041 _hspa
082 _a301.985 / C
_bC
110 _aCentro de Estudios Antropológicos Cusco CEA
_951519
245 _aConflicto y Accion Colectiva. Una mirada desde Guerrero /
260 _aCusco :
_bGráfica Santa Luc{ia
_c2024
300 _a216 páginas. :
_c29x20 cm.
500 _zPáginas: 210-211
505 _aDel conflicto a la acción colectiva -- Antimonumentos -- El movimiento LGBT+ y la conquista de derechos en México -- Minería, Conflicto y lucha social en Colula, Guerrero -- El Ejercito Zapatista de Liberación Nacional: un análisis desde la teoría de Tarrow -- Territorio e identidad con campo de resistencia en el EZLN
650 _aColula
_951520
650 _aEjercito Zapatista
_951521
650 _aTerritorio e identidad
_951522
700 _aAcuña Villavicencio, John Kenny (Coordinador-Editor)
_951523
942 _2ddc
_cLIBROS
945 _apbjr
_d8-09-2025